Ancient Maya Commerce (Record no. 91659)

MARC details
000 -LEADER
fixed length control field 01855nam a2200241Ii 4500
008 - FIXED-LENGTH DATA ELEMENTS--GENERAL INFORMATION
fixed length control field 221202s xx 000 0 und d
100 1# - MAIN ENTRY--PERSONAL NAME
Personal name Hutson, Scott,
Relator term author
245 #0 - TITLE STATEMENT
Title Ancient Maya Commerce
246 ## - VARYING FORM OF TITLE
Title proper/short title Multidisciplinary Research at Chunchucmil
264 #1 - PRODUCTION, PUBLICATION, DISTRIBUTION, MANUFACTURE, AND COPYRIGHT NOTICE
Place of production, publication, distribution, manufacture United States
Name of producer, publisher, distributor, manufacturer University Press of Colorado
Date of production, publication, distribution, manufacture, or copyright notice 2017
300 ## - PHYSICAL DESCRIPTION
Extent 1 online resource
336 ## - CONTENT TYPE
Content type term text
Content type code txt
Source rdacontent
337 ## - MEDIA TYPE
Media type term computer
Media type code c
Source rdamedia
338 ## - CARRIER TYPE
Carrier type term online resource
Carrier type code cr
Source rdacarrier
520 ## - SUMMARY, ETC.
Summary, etc. Nearly two decades of research at Chunchucmil, Yucatan, Mexico documented a thriving city of 40,000 people without the powerful kings and massive temples seen at other Maya centers. What brought people to this area, the driest in the Maya world, and how did they survive? Ancient Maya Commerce provides a pioneering study in economic anthropology, making the strongest case yet that ancient Maya economies were quite complex, containing markets in addition to other forms of exchange. Multiple lines of evidence including household archaeology, regional survey, paleo-ecology and soil chemistry show that Chunchucmil was a major center for both short and long distance trade, integrating the Guatemalan highlands, the Gulf of Mexico and the interior of the northern Maya lowlands. By placing Chunchucmil into the broader context of emerging research at other Maya cities, this book helps reorient our understanding of ancient Maya economies, foregrounding the increasingly important role of commerce.
653 ## - INDEX TERM--UNCONTROLLED
Uncontrolled term Archaeology
653 ## - INDEX TERM--UNCONTROLLED
Uncontrolled term Chunchucmil
653 ## - INDEX TERM--UNCONTROLLED
Uncontrolled term Maya Civilization
653 ## - INDEX TERM--UNCONTROLLED
Uncontrolled term Mesoamerican Chronology
653 ## - INDEX TERM--UNCONTROLLED
Uncontrolled term Obsidian Use In Mesoamerica
856 ## - ELECTRONIC LOCATION AND ACCESS
Uniform Resource Identifier <a href="https://docs.google.com/spreadsheets/d/1yKIrdCPDAG_9c22mwoOIO2DOhtj65Wqa/edit?usp=sharing&ouid=106555315294820607512&rtpof=true&sd=true ">https://docs.google.com/spreadsheets/d/1yKIrdCPDAG_9c22mwoOIO2DOhtj65Wqa/edit?usp=sharing&ouid=106555315294820607512&rtpof=true&sd=true </a>
Link text List of Curated E-Books
942 ## - ADDED ENTRY ELEMENTS (KOHA)
Koha item type E-Book

No items available.

University of Rizal System
Email us at univlibservices@urs.edu.ph

Visit our Website www.urs.edu.ph/library